<?xml version="1.0" encoding="UTF-8"?>
<record
    xmlns:xsi="http://www.w3.org/2001/XMLSchema-instance"
    xsi:schemaLocation="http://www.loc.gov/MARC21/slim http://www.loc.gov/standards/marcxml/schema/MARC21slim.xsd"
    xmlns="http://www.loc.gov/MARC21/slim">

  <leader>02307nam a2200313 a 4500</leader>
  <controlfield tag="001">BRCA_2447</controlfield>
  <controlfield tag="005">20190320203820.0</controlfield>
  <controlfield tag="008">181108s1814----fr-a---###---#000-0dspa-u</controlfield>
  <datafield tag="041" ind1=" " ind2=" ">
    <subfield code="a">spa</subfield>
  </datafield>
  <datafield tag="044" ind1=" " ind2=" ">
    <subfield code="a">fr</subfield>
  </datafield>
  <datafield tag="084" ind1=" " ind2=" ">
    <subfield code="a">088</subfield>
    <subfield code="b">.B677</subfield>
    <subfield code="c">1814</subfield>
  </datafield>
  <datafield tag="100" ind1="1" ind2=" ">
    <subfield code="a">Cervantes Saavedra, Miguel de</subfield>
    <subfield code="d">1547-1616</subfield>
    <subfield code="9">213</subfield>
  </datafield>
  <datafield tag="245" ind1="1" ind2="0">
    <subfield code="a">El Ingenioso Hidalgo Don Quixote de la Mancha</subfield>
    <subfield code="c">compuesto por Miguel de Cervantes Saavedra bajo la direcci&#xF3;n de Jos&#xE9; Ren&#xE9; Masson.</subfield>
  </datafield>
  <datafield tag="260" ind1=" " ind2=" ">
    <subfield code="a">Par&#xED;s : Londres</subfield>
    <subfield code="b">Bossange y Masson</subfield>
    <subfield code="c">1814</subfield>
  </datafield>
  <datafield tag="300" ind1=" " ind2=" ">
    <subfield code="a">7 v.</subfield>
    <subfield code="b">il.</subfield>
    <subfield code="c">15 cm.</subfield>
  </datafield>
  <datafield tag="500" ind1=" " ind2=" ">
    <subfield code="a">Contenido : v 1. Retrato de Cervantes. Advertencia de los editores. Licencia de S. M.. Pr&#xF3;logo de la Real Academia. Vida de Cervantes y an&#xE1;lisis del Quixote por V. de los R&#xED;os. -- v 2. Primera parte. Principios de la edici&#xF3;n pr&#xED;ncipe. Dedicatoria. Pr&#xF3;logo del autor. Versos preliminares. Texto -- v 3. Texto. -- v 4. Texto. -- v 5. Segunda parte. Principios de la edici&#xF3;n pr&#xED;ncipe. Dedicatoria. Pr&#xF3;logo del autor. Texto. -- v 6. Texto. -- v 7. Texto</subfield>
  </datafield>
  <datafield tag="500" ind1=" " ind2=" ">
    <subfield code="a">Edici&#xF3;n : Nueva edici&#xF3;n, conforme en todo a la de la Real Academia Espa&#xF1;ola hecha en Madrid en 1782. Adem&#xE1;s del Juicio cr&#xED;tico y an&#xE1;lisis del Quixote. Plan cronol&#xF3;gico de sus viajes, la Vida de Cervantes y los documentos que la comprueban, comprehendidos en la dicha edici&#xF3;n de la Academia, se han a&#xF1;adido a esta las notas cr&#xED;ticas y curiosas. Don Quijote</subfield>
  </datafield>
  <datafield tag="500" ind1=" " ind2=" ">
    <subfield code="a">Exceptuando las notas de J. A. Pellicer que se adicionaron, en todo lo dem&#xE1;s es una copia de la edici&#xF3;n de la Academia de 1782, con las mismas l&#xE1;minas reducidas a menor tama&#xF1;o y grabadas de nuevo por artistas franceses. Tanto en la parte literaria como en la tipogr&#xE1;fica, se nota el cari&#xF1;o y esmero con que fue hecha esta edici&#xF3;n. Semipiel; lomeras adornadas con filetes y letras dorados L&#xFA;dovik Osterc</subfield>
  </datafield>
  <datafield tag="500" ind1=" " ind2=" ">
    <subfield code="a">QM71</subfield>
  </datafield>
  <datafield tag="650" ind1="1" ind2="4">
    <subfield code="a">Novela espa&#xF1;ola</subfield>
    <subfield code="y">&#xC9;poca cl&#xE1;sica, 1500-1700</subfield>
    <subfield code="9">215</subfield>
  </datafield>
  <datafield tag="650" ind1="1" ind2="4">
    <subfield code="a">Literatura espa&#xF1;ola</subfield>
    <subfield code="y">&#xC9;poca cl&#xE1;sica, 1500-1700</subfield>
    <subfield code="9">216</subfield>
  </datafield>
  <datafield tag="650" ind1="1" ind2="4">
    <subfield code="a">Novela espa&#xF1;ola</subfield>
    <subfield code="y">Siglo XVII</subfield>
    <subfield code="9">217</subfield>
  </datafield>
  <datafield tag="650" ind1="1" ind2="4">
    <subfield code="a">Don Quijote (Personaje ficticio)</subfield>
    <subfield code="e">Novela</subfield>
    <subfield code="9">218</subfield>
  </datafield>
  <datafield tag="700" ind1="1" ind2=" ">
    <subfield code="a">Masson, Jos&#xE9; Ren&#xE9;</subfield>
    <subfield code="e">Impresor</subfield>
    <subfield code="9">7145</subfield>
  </datafield>
  <datafield tag="700" ind1="1" ind2=" ">
    <subfield code="a">R&#xED;os, Vicente de los</subfield>
    <subfield code="d">1732-1779</subfield>
    <subfield code="e">Bi&#xF3;grafo</subfield>
    <subfield code="9">7146</subfield>
  </datafield>
  <datafield tag="740" ind1="0" ind2=" ">
    <subfield code="a">El Ingenioso Hidalgo Don Quijote de la Mancha</subfield>
  </datafield>
  <datafield tag="902" ind1=" " ind2=" ">
    <subfield code="a">QFM</subfield>
  </datafield>
  <datafield tag="942" ind1=" " ind2=" ">
    <subfield code="2">lcc</subfield>
    <subfield code="c">B</subfield>
  </datafield>
  <datafield tag="999" ind1=" " ind2=" ">
    <subfield code="c">2188</subfield>
    <subfield code="d">2188</subfield>
  </datafield>
  <datafield tag="952" ind1=" " ind2=" ">
    <subfield code="0">0</subfield>
    <subfield code="1">0</subfield>
    <subfield code="4">0</subfield>
    <subfield code="7">0</subfield>
    <subfield code="a">BRCA</subfield>
    <subfield code="b">BRCA</subfield>
    <subfield code="d">2008-11-18</subfield>
    <subfield code="i">QM71</subfield>
    <subfield code="l">0</subfield>
    <subfield code="o">088 .B677 1814 (QM71)</subfield>
    <subfield code="p">2444</subfield>
    <subfield code="r">2019-03-22 00:00:00</subfield>
    <subfield code="w">2019-03-22</subfield>
    <subfield code="y">B</subfield>
  </datafield>
</record>
